| 000 | 00473nam a2200133 a 4500 | ||
|---|---|---|---|
| 008 | 120416s1963 ||||||||||||||||| || u | ||
| 050 | _aTK 6563 Cha | ||
| 100 | _aChatterjee, Biswanath | ||
| 245 | 1 | 0 | _aPropagation of radio waves |
| 260 |
_aBombay _bAsia Publishing House _c1963 |
||
| 300 | _a(5), 115p. | ||
| 350 | _a0.00 | ||
| 995 |
_D0.00 _FCBU-MAIN LIBRARY (Kitwe) _H1 _I1.40 _UWEEDED _ZMain Library Open Access Collection |
||
| 999 |
_c55099 _d55099 |
||